“Have Yourself a Merry Little Christmas” Lyrics - Statistics

General Stats
  • This quiz has been taken 200 times
  • The average score is 44 of 64
Answer Stats
Lyric % Correct
a
100%
Christmas
100%
{Christmas},
100%
Have
100%
have
100%
merry
100%
your
100%
little
99%
yourself
99%
be
90%
{on},
84%
the
83%
let
80%
of
80%
now
78%
{now}!
78%
will
78%
heart
77%
troubles
77%
From
76%
to
76%
our
75%
And
73%
out
73%
all
72%
{sight}.
71%
{away}.
70%
{light}.
70%
days
68%
{days},
68%
miles
66%
we
66%
Yuletide
66%
{gay}.
65%
are
64%
happy
64%
dear
61%
golden
61%
olden
61%
us
61%
who
61%
in
60%
near
60%
if
59%
make
59%
once
59%
together
59%
friends
58%
as
55%
{more}.
55%
Here
54%
star
52%
Through
52%
{allow}.
51%
Fates
51%
years
51%
Hang
50%
Faithful
49%
shining
49%
upon
49%
{yore}.
49%
highest
48%
gather
47%
{bough}.
43%
No matching quizzes found
Score Distribution
Percent of People with Each Score
Percentile by Number Answered
Your Score History
You have not taken this quiz